000 00494nam a2200193Ia 4500
008 151121s9999||||xx |||||||||||||| ||und||
082 _a823/JOH
082 _bHNW-48061
100 _aJohns W। E।
245 _aBiggles And The Black Peril
260 _b"Dean & Son Ltd, London।"
260 _c--
300 _a184
600 _aJohns W। E।
630 _aBiggles And The Black Peril
700 _aJohns W। E।
730 _aBiggles And The Black Peril
942 _cBOOK
999 _c1233792
_d1233789